Constructing Bangladesh : (Record no. 4752)

MARC details
000 -LEADER
fixed length control field 00673 a2200181 4500
010 ## - LCCN (DPL NO)
LC control number ENG-86559
020 ## - INTERNATIONAL STANDARD BOOK NUMBER
International Standard Book Number 9788178297156
Terms of availability 750.00
035 ## - SYSTEM CONTROL NUMBER
System control number EN-70092
037 ## - SOURCE OF ACQUISITION
Source of stock number/acquisition DBAD / PUB
082 ## - DEWEY DECIMAL CLASSIFICATION NUMBER
Classification number 954.65
100 ## - MAIN ENTRY--PERSONAL NAME
Personal name Uddin, Sufia M
245 ## - TITLE STATEMENT
Title Constructing Bangladesh :
Remainder of title religion ethnicity and language in an Islamic nation /
Statement of responsibility, etc by Sufia M. Uddin
260 ## - PUBLICATION, DISTRIBUTION, ETC. (IMPRINT)
Place of publication, distribution, etc New Delhi
Name of publisher, distributor, etc Vistaar Publications
Date of publication, distribution, etc 2006
270 ## - ADDRESS
Address B1/11, Mohan Cooperative Industrial Area, Mathura Road,
City New Delhi
Postal code 110 044
300 ## - PHYSICAL DESCRIPTION
Extent xxiii, 224p
Other physical details ill.
Dimensions 24cm. (Hb)
500 ## - GENERAL NOTE
General note Includes bibliographical references and index
942 ## - ADDED ENTRY ELEMENTS (KOHA)
Institution code [OBSOLETE] dpl
Item type English Books
Call number prefix 954.05 / UDD
Source of classification or shelving scheme Dewey Decimal Classification
Classification part 954.05
Call number suffix UDD
Holdings
Withdrawn status Lost status Not for loan Collection code Home library Current library Source of acquisition Cost, normal purchase price Full call number Barcode Copy number Cost, replacement price Koha item type
    Not For Loan Non-fiction D.B.Act.Division D.B.Act.Division DBAD/PUB 750.00 954.05 UDD EN-70092 1 750.00 English Books

© Delhi Public Library
Hit Counter
free hit counter